La liga - Statistics

General Stats
  • This quiz has been taken 1,193 times
  • The average score is 11 of 20
Answer Stats
Answer % Correct
Real Madrid
98%
Barcelona
97%
Valencia
81%
Atletico Madrid
80%
Sevilla
72%
Real Betis
68%
Athletic Bilbao
63%
Real Sociedad
61%
Malaga
54%
Espanyol
53%
Getafe
51%
Levante
44%
Mallorca
43%
Osasuna
43%
Villarreal
40%
Granada
37%
Rayo Vallecano
37%
Real Zaragoza
25%
Sporting de Gijon
22%
Racing Santander
18%
No matching quizzes found
Score Distribution
Percent of People with Each Score
Percentile by Number Answered
Your Score History
You have not taken this quiz